[Event "Landesliga Nord 1920"]
[Site "Bayern"]
[Date "2020.01.19"]
[Round "5.7"]
[White "Herdin, Hans Ulrich"]
[Black "Goetz, Andreas"]
[Result "1/2-1/2"]
[WhiteElo "2002"]
[BlackElo "1986"]
[PlyCount "86"]
[EventDate "2019.09.29"]
[EventType "team-tourn"]
[EventRounds "9"]
[EventCountry "GER"]
[SourceTitle "EXT 2021"]
[Source "ChessBase"]
[SourceDate "2020.10.23"]
[SourceVersion "1"]
[SourceVersionDate "2020.10.23"]
[SourceQuality "1"]
[WhiteTeam "Kronach"]
[BlackTeam "Erlangen SC II"]
[WhiteTeamCountry "GER"]
[BlackTeamCountry "GER"]

1. e4 e5 2. Bc4 Nf6 3. Nc3 Bb4 4. Qe2 0-0 5. Nf3 Nc6 6. 0-0 d6 7. d3 Bg4 8. Be3 Nd4 9. Bxd4 exd4 10. Nb1 d5 11. c3 dxc3 12. bxc3 dxc4 13. cxb4 Qxd3 14. Qxd3 cxd3 15. Nfd2 c6 16. Nc3 Rfd8 17. f3 Be6 18. Kf2 Nd7 19. Na4 a5 20. a3 f5 21. Nc5 Nxc5 22. bxc5 fxe4 23. fxe4 Bg4 24. Ke3 Rd7 25. Rab1 a4 26. Rb4 Ra5 27. Rc1 Be6 28. Rd4 Rxd4 29. Kxd4 Rb5 30. Kxd3 Kf7 31. Rb1 Rxc5 32. Rxb7+ Kf6 33. Rb4 Ra5 34. Nf3 c5 35. Rb6 h6 36. h3 Ra7 37. e5+ Kf7 38. Rc6 Rd7+ 39. Ke3 Rb7 40. Nd2 Bd5 41. Rxc5 Bxg2 42. h4 Ke6 43. Rc4 Kxe5 1/2-1/2

[Event "Regionalliga Nord-West 1718"]
[Site "Bayern"]
[Date "2018.01.21"]
[Round "5.3"]
[White "Weck, Hans"]
[Black "Herdin, Hans Ulrich"]
[Result "1/2-1/2"]
[WhiteElo "1922"]
[BlackElo "1999"]
[PlyCount "29"]
[EventDate "2017.10.22"]
[EventType "team-tourn"]
[EventRounds "9"]
[EventCountry "GER"]
[SourceTitle "EXT 2022"]
[Source "ChessBase"]
[SourceDate "2021.10.06"]
[SourceVersion "1"]
[SourceVersionDate "2021.10.06"]
[SourceQuality "1"]
[WhiteTeam "Bad Neustadt"]
[BlackTeam "Kronach"]
[WhiteTeamCountry "GER"]
[BlackTeamCountry "GER"]

1. Nf3 b6 2. g3 Bb7 3. Bg2 f5 4. 0-0 Nf6 5. c4 e6 6. Nc3 Be7 7. Qc2 0-0 8. Rd1 d6 9. d4 Ne4 10. Ne1 d5 11. f3 Nxc3 12. Qxc3 Bf6 13. Qe3 Re8 14. f4 Nd7 15. Bd2 1/2-1/2

[Event "Regionalliga Nord-West 1718"]
[Site "Bayern"]
[Date "2017.11.12"]
[Round "2.4"]
[White "Wuest, Michael"]
[Black "Herdin, Hans Ulrich"]
[Result "0-1"]
[WhiteElo "1851"]
[BlackElo "1999"]
[PlyCount "52"]
[EventDate "2017.10.22"]
[EventType "team-tourn"]
[EventRounds "9"]
[EventCountry "GER"]
[SourceTitle "EXT 2022"]
[Source "ChessBase"]
[SourceDate "2021.10.06"]
[SourceVersion "1"]
[SourceVersionDate "2021.10.06"]
[SourceQuality "1"]
[WhiteTeam "Hof PTSV"]
[BlackTeam "Kronach"]
[WhiteTeamCountry "GER"]
[BlackTeamCountry "GER"]

1. d4 Nf6 2. c4 g6 3. f3 c5 4. d5 b5 5. e4 d6 6. a4 bxa4 7. Rxa4 Bg7 8. Ne2 0-0 9. Nec3 Na6 10. Be2 Nb4 11. 0-0 Qb6 12. Nd2 e5 13. dxe6 fxe6 14. f4 Bb7 15. Nf3 Nxe4 16. Nxe4 Bxe4 17. Qe1 Bc6 18. Ra3 Nc2 19. Qh4 Nxa3 20. Ng5 Bd4+ 21. Kh1 Qb7 22. Bf3 Bxf3 23. Rxf3 Nxc4 24. Nxe6 Bf6 25. Qh3 Qe4 26. Rf1 Qe2 0-1

[Event "Regionalliga NW 1617"]
[Site "Bayern"]
[Date "2017.02.05"]
[Round "5.4"]
[White "Herdin, Hans Ulrich"]
[Black "Langer, Simon"]
[Result "0-1"]
[WhiteElo "1976"]
[BlackElo "1946"]
[PlyCount "22"]
[EventDate "2016.10.16"]
[EventType "team-tourn"]
[EventRounds "9"]
[EventCountry "GER"]
[SourceTitle "EXT 2019"]
[Source "ChessBase"]
[SourceDate "2018.10.10"]
[SourceVersion "1"]
[SourceVersionDate "2018.10.10"]
[SourceQuality "1"]
[WhiteTeam "Kronach"]
[BlackTeam "Klingenberg/Main"]
[WhiteTeamCountry "GER"]
[BlackTeamCountry "GER"]

1. e4 c5 2. Nf3 e6 3. d4 cxd4 4. Nxd4 Nf6 5. Nc3 Nc6 6. Bb5 Bb4 7. Bxc6 bxc6 8. e5 Qa5 9. exf6 Bxc3+ 10. Kf1 Ba6+ 11. Kg1 Bxd4 0-1

[Event "Regionalliga NW 1617"]
[Site "Bayern"]
[Date "2016.10.16"]
[Round "1.3"]
[White "Herdin, Hans Ulrich"]
[Black "Hertel, Hans"]
[Result "1-0"]
[WhiteElo "1976"]
[BlackElo "2020"]
[PlyCount "67"]
[EventDate "2016.10.16"]
[EventType "team-tourn"]
[EventRounds "9"]
[EventCountry "GER"]
[SourceTitle "EXT 2019"]
[Source "ChessBase"]
[SourceDate "2018.10.10"]
[SourceVersion "1"]
[SourceVersionDate "2018.10.10"]
[SourceQuality "1"]
[WhiteTeam "Kronach"]
[BlackTeam "Hof PTSV"]
[WhiteTeamCountry "GER"]
[BlackTeamCountry "GER"]

1. d4 d5 2. Nf3 c6 3. Bf4 e6 4. e3 Bd6 5. Bd3 Ne7 6. 0-0 b6 7. Re1 f5 8. Ne5 0-0 9. Nd2 c5 10. c4 Nbc6 11. Ndf3 h6 12. cxd5 Nxe5 13. dxe5 Bb8 14. d6 Nd5 15. h4 Bb7 16. Bg3 Nb4 17. Bc4 Qd7 18. Rc1 a6 19. a3 Nc6 20. Qb3 Re8 21. Qxb6 Ba7 22. Qb3 Na5 23. Qd3 Nxc4 24. Qxc4 Rec8 25. Red1 Rab8 26. b3 Kf7 27. h5 Bd5 28. Rxd5 exd5 29. Qxd5+ Qe6 30. Qd3 Rxb3 31. Qxa6 Bb8 32. Nd4 cxd4 33. Rxc8 dxe3 34. Rxb8 1-0

[Event "Regionalliga NW 1516"]
[Site "Bayern"]
[Date "2016.04.10"]
[Round "9.3"]
[White "Simon, Jonathan"]
[Black "Herdin, Hans Ulrich"]
[Result "1-0"]
[WhiteElo "1976"]
[BlackElo "1957"]
[PlyCount "53"]
[EventDate "2015.10.11"]
[EventType "team-tourn"]
[EventRounds "9"]
[EventCountry "GER"]
[SourceTitle "EXT 2018"]
[Source "ChessBase"]
[SourceDate "2017.10.13"]
[SourceVersion "1"]
[SourceVersionDate "2017.10.13"]
[SourceQuality "1"]
[WhiteTeam "Moembris"]
[BlackTeam "Kronach"]
[WhiteTeamCountry "GER"]
[BlackTeamCountry "GER"]

1. d4 Nf6 2. Nf3 g6 3. c4 Bg7 4. Nc3 d5 5. Bf4 c6 6. e3 Nbd7 7. h3 0-0 8. Rc1 dxc4 9. Bxc4 Nb6 10. Bd3 Nbd5 11. Be5 Nxc3 12. bxc3 Qa5 13. Qd2 Rd8 14. c4 Qxd2+ 15. Nxd2 b6 16. 0-0 Ne8 17. Bxg7 Nxg7 18. Nf3 Rb8 19. Ne5 Bb7 20. c5 f6 21. Bc4+ e6 22. Nd3 b5 23. Bxb5 cxb5 24. c6 Bxc6 25. Rxc6 e5 26. Rxf6 exd4 27. Ne5 1-0

[Event "Regionalliga NW 1415"]
[Site "Bayern"]
[Date "2015.03.15"]
[Round "8.6"]
[White "Herdin, Hans Ulrich"]
[Black "Haecker, Roland"]
[Result "1-0"]
[WhiteElo "1957"]
[BlackElo "1796"]
[PlyCount "105"]
[EventDate "2014.10.19"]
[EventType "team-tourn"]
[EventRounds "9"]
[EventCountry "GER"]
[SourceTitle "EXT 2018"]
[Source "ChessBase"]
[SourceDate "2017.10.13"]
[SourceVersion "1"]
[SourceVersionDate "2017.10.13"]
[SourceQuality "1"]
[WhiteTeam "Kronach"]
[BlackTeam "Aschaffenburg Schweinheim"]
[WhiteTeamCountry "GER"]
[BlackTeamCountry "GER"]

1. e4 c5 2. Nf3 Nc6 3. c4 d6 4. d4 cxd4 5. Nxd4 g6 6. Nc3 Bg7 7. Nc2 Nf6 8. Be2 0-0 9. 0-0 a6 10. Rb1 Be6 11. Ne3 Rc8 12. Ned5 Nd7 13. Be3 Nce5 14. b3 Bxd5 15. Nxd5 e6 16. Nf4 Qe7 17. Nd3 Nc5 18. Qc2 Rfd8 19. Nxe5 dxe5 20. b4 Nd7 21. Qb2 Bf8 22. Rfd1 Nf6 23. f3 b6 24. Rxd8 Rxd8 25. Rc1 Rb8 26. Qc3 Nd7 27. c5 bxc5 28. bxc5 Qe8 29. Qa5 Ra8 30. Bd1 Nb8 31. Ba4 Qc8 32. c6 Bd6 33. c7 Nd7 34. Bc6 Bxc7 35. Bxa8 Bxa5 36. Rxc8+ Kg7 37. Bc6 Nb6 38. Bxb6 Bxb6+ 39. Kf1 a5 40. Rb8 Bd4 41. Rb7 Kf8 42. Ke2 h5 43. Kd3 g5 44. Rb5 a4 45. Rb4 a3 46. Rxd4 exd4 47. Kxd4 Ke7 48. e5 f5 49. Kc5 f4 50. Be4 g4 51. h4 gxh3 52. gxh3 h4 53. Kc6 1-0

[Event "Regionalliga NW 1415"]
[Site "Bayern"]
[Date "2015.01.18"]
[Round "5.4"]
[White "Herdin, Hans Ulrich"]
[Black "Reisert, Wolfgang"]
[Result "0-1"]
[WhiteElo "1957"]
[BlackElo "1976"]
[PlyCount "52"]
[EventDate "2014.10.19"]
[EventType "team-tourn"]
[EventRounds "9"]
[EventCountry "GER"]
[SourceTitle "EXT 2018"]
[Source "ChessBase"]
[SourceDate "2017.10.13"]
[SourceVersion "1"]
[SourceVersionDate "2017.10.13"]
[SourceQuality "1"]
[WhiteTeam "Kronach"]
[BlackTeam "Mainaschaff"]
[WhiteTeamCountry "GER"]
[BlackTeamCountry "GER"]

1. d4 g6 2. c4 Bg7 3. Nc3 d6 4. e4 c6 5. Be3 Nd7 6. f3 a6 7. a4 e5 8. Nge2 a5 9. Qd2 Qe7 10. g3 h5 11. Bh3 Nb6 12. Bxc8 Nxc4 13. Qc1 Nxe3 14. Bxb7 Ng2+ 15. Kf1 Qxb7 16. Kxg2 exd4 17. Nd1 c5 18. Nf2 Rb8 19. e5 Bxe5 20. Re1 Kf8 21. Nd3 Bf6 22. Qf4 Qd5 23. Qd2 Ne7 24. Nef4 Qb7 25. h4 Nf5 26. Rac1 Ne3+ 0-1

[Event "Regionalliga NW 1415"]
[Site "Bayern"]
[Date "2014.12.07"]
[Round "4.4"]
[White "Hofstetter, Hans Joachim"]
[Black "Herdin, Hans Ulrich"]
[Result "1-0"]
[WhiteElo "2081"]
[BlackElo "1957"]
[PlyCount "81"]
[EventDate "2014.10.19"]
[EventType "team-tourn"]
[EventRounds "9"]
[EventCountry "GER"]
[SourceTitle "EXT 2018"]
[Source "ChessBase"]
[SourceDate "2017.10.13"]
[SourceVersion "1"]
[SourceVersionDate "2017.10.13"]
[SourceQuality "1"]
[WhiteTeam "Bad Neustadt"]
[BlackTeam "Kronach"]
[WhiteTeamCountry "GER"]
[BlackTeamCountry "GER"]

1. e4 e6 2. d4 d5 3. Nd2 a6 4. c3 c5 5. Ngf3 Nf6 6. e5 Nfd7 7. Bd3 Nc6 8. 0-0 g5 9. Qe2 g4 10. Ne1 cxd4 11. cxd4 Nxd4 12. Qxg4 Qb6 13. Ndf3 Nc6 14. Qg3 h6 15. b3 Nc5 16. Bb1 Bd7 17. Be3 Qa5 18. Bd2 Qa3 19. Bc3 Ne4 20. Bxe4 dxe4 21. Nd2 Be7 22. Nxe4 Nb4 23. f4 0-0-0 24. Rf2 Bc6 25. Bb2 Qa5 26. Nd6+ Bxd6 27. exd6 Rhg8 28. Qe3 Rxd6 29. Qa7 Qd8 30. Be5 Rd5 31. Rc1 Kd7 32. Rc3 Qa8 33. Qb6 Rd1 34. Qe3 Nd5 35. Rd3 Ke8 36. Qe2 Rxd3 37. Qxd3 Qd8 38. Qh7 Rg6 39. f5 Nf6 40. fxg6 Nxh7 41. gxh7 1-0

[Event "Regionalliga NW 1415"]
[Site "Bayern"]
[Date "2014.11.09"]
[Round "2.4"]
[White "Nuernberger, Stefan"]
[Black "Herdin, Hans Ulrich"]
[Result "0-1"]
[WhiteElo "1986"]
[BlackElo "1957"]
[PlyCount "102"]
[EventDate "2014.10.19"]
[EventType "team-tourn"]
[EventRounds "9"]
[EventCountry "GER"]
[SourceTitle "EXT 2018"]
[Source "ChessBase"]
[SourceDate "2017.10.13"]
[SourceVersion "1"]
[SourceVersionDate "2017.10.13"]
[SourceQuality "1"]
[WhiteTeam "Marktleuthen"]
[BlackTeam "Kronach"]
[WhiteTeamCountry "GER"]
[BlackTeamCountry "GER"]

1. d4 Nf6 2. Nf3 d5 3. e3 c6 4. Bd3 Bg4 5. b3 e6 6. Nbd2 Bd6 7. Bb2 0-0 8. 0-0 Nbd7 9. e4 dxe4 10. Nxe4 Nxe4 11. Bxe4 Nf6 12. Bd3 Nd5 13. g3 Qf6 14. Be2 Bh3 15. Re1 Bb4 16. Nd2 Nc3 17. Bxc3 Bxc3 18. Ne4 Qxd4 19. Nxc3 Qxc3 20. Bd3 Qc5 21. Qf3 Qg5 22. Re4 Bf5 23. Re5 Qg4 24. Qxg4 Bxg4 25. f3 Bxf3 26. Rf1 Bg4 27. Rf4 f6 28. Re3 h5 29. Bc4 Rfe8 30. Rfe4 Kf7 31. a4 Bf5 32. Rd4 Rad8 33. Rxd8 Rxd8 34. c3 Rd2 35. b4 Ke7 36. a5 e5 37. Be2 Bg4 38. Bxg4 hxg4 39. Re4 Rc2 40. Rxg4 Kf7 41. Rc4 a6 42. g4 Ke6 43. Rc5 Rb2 44. h4 Kd6 45. g5 fxg5 46. hxg5 Ke6 47. Kf1 g6 48. Kg1 Kf5 49. Kf1 Kf4 50. Ke1 e4 51. Kf1 Kf3 0-1

[Event "Regionalliga NW 1314"]
[Site "Bayern"]
[Date "2013.11.10"]
[Round "2.3"]
[White "Krauseneck, Peter"]
[Black "Herdin, Hans Ulrich"]
[Result "1-0"]
[WhiteElo "2089"]
[BlackElo "1956"]
[PlyCount "129"]
[EventDate "2013.10.13"]
[EventType "team-tourn"]
[EventRounds "9"]
[EventCountry "GER"]
[SourceTitle "EXT 2015"]
[Source "ChessBase"]
[SourceDate "2014.11.20"]
[SourceVersion "1"]
[SourceVersionDate "2014.11.20"]
[SourceQuality "1"]
[WhiteTeam "Bamberg"]
[BlackTeam "Kronach"]
[WhiteTeamCountry "GER"]
[BlackTeamCountry "GER"]

1. e4 e6 2. d4 d5 3. Nc3 Nc6 4. e5 f6 5. Nf3 fxe5 6. dxe5 Nge7 7. Bg5 Qd7 8. Bd3 Nb4 9. Bb5 c6 10. Be2 c5 11. Nh4 g6 12. Bf6 Rg8 13. f4 b6 14. Qd2 Ba6 15. Bxa6 Nxa6 16. 0-0-0 0-0-0 17. g4 Nc7 18. Nf3 Ne8 19. Rhe1 Bg7 20. g5 Bf8 21. h4 Ng7 22. Nh2 Nef5 23. Ng4 h5 24. gxh6 Nxh6 25. Qe2 Nhf5 26. Ne4 Qc6 27. Ng5 Rd7 28. Rh1 Ng3 29. Qa6+ Kb8 30. Rh3 N3h5 31. Rf1 Ne8 32. a4 c4 33. Qb5 Rc7 34. Qxc6 Rxc6 35. c3 Neg7 36. Nf7 Kc8 37. Nd6+ Kd7 38. Nb5 a6 39. Nd4 Rc8 40. Bg5 Nf5 41. Nxf5 gxf5 42. Nf6+ Nxf6 43. Bxf6 Rg2 44. Rfh1 Bh6 45. Bg5 Rh8 46. R3h2 Rg4 47. Kd1 Kc6 48. Ke2 Rxf4 49. Bxf4 Bxf4 50. Rg2 Bxe5 51. h5 d4 52. Rh3 Kd5 53. h6 Rh7 54. Rg6 b5 55. axb5 axb5 56. Rg8 d3+ 57. Ke3 f4+ 58. Kf3 b4 59. Rd8+ Kc5 60. Rh5 bxc3 61. bxc3 Rxh6 62. Rxh6 Bxc3 63. Rxe6 Bd4 64. Re4 Be3 65. Rxe3 1-0

[Event "Regionalliga NW 1213"]
[Site "Bayern"]
[Date "2013.04.14"]
[Round "9.4"]
[White "Schneider, Johannes"]
[Black "Herdin, Hans Ulrich"]
[Result "0-1"]
[WhiteElo "1812"]
[BlackElo "1952"]
[PlyCount "79"]
[EventDate "2012.10.14"]
[EventType "team-tourn"]
[EventRounds "9"]
[EventCountry "GER"]
[SourceTitle "EXT 2015"]
[Source "ChessBase"]
[SourceDate "2014.11.20"]
[SourceVersion "1"]
[SourceVersionDate "2014.11.20"]
[SourceQuality "1"]
[WhiteTeam "Stetten"]
[BlackTeam "Kronach"]
[WhiteTeamCountry "GER"]
[BlackTeamCountry "GER"]

1. d4 Nf6 2. c4 g6 3. Nc3 Bg7 4. e4 d6 5. f3 0-0 6. Be3 c5 7. dxc5 dxc5 8. Qxd8 Rxd8 9. Bxc5 Nc6 10. Be3 Be6 11. Nd5 Bxd5 12. cxd5 Nb4 13. Kf2 Nc2 14. Rc1 Nxe3 15. Kxe3 e6 16. dxe6 Ng4+ 17. Ke2 Bh6 18. exf7+ Kf8 19. Rc2 Ne3 20. Rc3 Rd1 21. Nh3 Rad8 22. f4 Nxf1 23. Rxf1 R1d2+ 24. Kf3 Rxb2 25. Rf2 Rb1 26. Ke3 Bg7 27. Rd3 Rxd3+ 28. Kxd3 h6 29. Rc2 Kxf7 30. Nf2 a5 31. Ng4 b5 32. Ne3 a4 33. e5 Bf8 34. Rc7+ Ke6 35. Kc2 Re1 36. Kd2 Ra1 37. Rc6+ Kd7 38. Rc2 b4 39. Kd3 Re1 40. Re2 0-1

[Event "Regionalliga NW 1213"]
[Site "Bayern"]
[Date "2012.11.25"]
[Round "3.3"]
[White "Koeniger, Matthias"]
[Black "Herdin, Hans Ulrich"]
[Result "1/2-1/2"]
[WhiteElo "2008"]
[BlackElo "1952"]
[PlyCount "67"]
[EventDate "2012.10.14"]
[EventType "team-tourn"]
[EventRounds "9"]
[EventCountry "GER"]
[SourceTitle "EXT 2015"]
[Source "ChessBase"]
[SourceDate "2014.11.20"]
[SourceVersion "1"]
[SourceVersionDate "2014.11.20"]
[SourceQuality "1"]
[WhiteTeam "Rottendorf"]
[BlackTeam "Kronach"]
[WhiteTeamCountry "GER"]
[BlackTeamCountry "GER"]

1. e4 e6 2. d4 d5 3. Nd2 a6 4. Bd3 Nf6 5. Ngf3 c5 6. c3 Nc6 7. 0-0 cxd4 8. cxd4 Be7 9. a3 0-0 10. exd5 exd5 11. h3 Re8 12. Re1 Bd6 13. b4 Ne7 14. Nb3 Ng6 15. Bg5 Bd7 16. Nc5 Rxe1+ 17. Qxe1 b6 18. Nb7 Qc7 19. Nxd6 Qxd6 20. Bxg6 hxg6 21. Qe5 Ne4 22. Rc1 Qxe5 23. dxe5 Rc8 24. Rxc8+ Bxc8 25. Be3 b5 26. Nd4 f6 27. exf6 gxf6 28. Kf1 Kf7 29. h4 Nd6 30. Ke2 Nc4 31. Bc1 Ke7 32. Kd3 Kd6 33. Bf4+ Ke7 34. Bc1 1/2-1/2

[Event "Regionalliga NW 1213"]
[Site "Bayern"]
[Date "2012.11.11"]
[Round "2.4"]
[White "Wilfert, Andre"]
[Black "Herdin, Hans Ulrich"]
[Result "1/2-1/2"]
[WhiteElo "1956"]
[BlackElo "1952"]
[PlyCount "31"]
[EventDate "2012.10.14"]
[EventType "team-tourn"]
[EventRounds "9"]
[EventCountry "GER"]
[SourceTitle "EXT 2015"]
[Source "ChessBase"]
[SourceDate "2014.11.20"]
[SourceVersion "1"]
[SourceVersionDate "2014.11.20"]
[SourceQuality "1"]
[WhiteTeam "Marktleuthen"]
[BlackTeam "Kronach"]
[WhiteTeamCountry "GER"]
[BlackTeamCountry "GER"]

1. c4 e5 2. Nc3 Nc6 3. Nf3 g6 4. d4 Bg7 5. Bg5 f6 6. Bh4 d6 7. dxe5 Nxe5 8. Nxe5 dxe5 9. Qxd8+ Kxd8 10. Rd1+ Bd7 11. e4 c6 12. Be2 Kc7 13. Bg3 Nh6 14. f4 Nf7 15. 0-0 Rhf8 16. b3 1/2-1/2

[Event "Regionalliga NW 1011"]
[Site "Bayern"]
[Date "2011.01.16"]
[Round "5.5"]
[White "Herdin, Hans Ulrich"]
[Black "Scheidt, Joerg"]
[Result "1-0"]
[WhiteElo "2055"]
[BlackElo "1990"]
[PlyCount "61"]
[EventDate "2010.10.10"]
[EventType "team-tourn"]
[EventRounds "9"]
[EventCountry "GER"]
[SourceTitle "EXT 2012"]
[Source "ChessBase"]
[SourceDate "2011.11.24"]
[SourceVersion "1"]
[SourceVersionDate "2011.11.24"]
[SourceQuality "1"]
[WhiteTeam "Kronach"]
[BlackTeam "Hof PTSV"]
[WhiteTeamCountry "GER"]
[BlackTeamCountry "GER"]

1. e4 e6 2. d4 c5 3. Nf3 cxd4 4. Nxd4 Bc5 5. Nb3 Bb6 6. Nc3 Ne7 7. Bf4 d5 8. Qh5 0-0 9. 0-0-0 Nd7 10. Bg5 f6 11. Bh4 Ne5 12. Bg3 Bd7 13. f4 g6 14. Qe2 Nc4 15. Rd3 Re8 16. Bh4 Qc7 17. g3 Kg7 18. Bh3 Rad8 19. Rf1 Nd6 20. e5 fxe5 21. Qxe5+ Kg8 22. Bxe6+ Bxe6 23. Qxe6+ Nf7 24. Re1 Nf5 25. Qxe8+ Rxe8 26. Rxe8+ Kg7 27. Nxd5 Qc6 28. Bf6+ Kh6 29. Rf8 Qe6 30. g4 Ne3 31. Rg8 1-0

[Event "Regionalliga NW 0910"]
[Site "Bayern"]
[Date "2010.03.21"]
[Round "8.3"]
[White "Scherer, Ralf"]
[Black "Herdin, Hans Ulrich"]
[Result "1-0"]
[WhiteElo "2175"]
[BlackElo "2032"]
[PlyCount "59"]
[EventDate "2009.10.18"]
[EventType "team-tourn"]
[EventRounds "9"]
[EventCountry "GER"]
[SourceTitle "EXT 2011"]
[Source "ChessBase"]
[SourceDate "2010.11.26"]
[SourceVersion "1"]
[SourceVersionDate "2010.11.26"]
[SourceQuality "1"]
[WhiteTeam "Obernau"]
[BlackTeam "Kronach"]
[WhiteTeamCountry "GER"]
[BlackTeamCountry "GER"]

1. g3 e5 2. d3 Nc6 3. Nf3 g6 4. Bg2 Bg7 5. c4 d6 6. Nc3 h5 7. 0-0 Nh6 8. Rb1 a5 9. a3 Nf5 10. h4 Ncd4 11. Ng5 Ne6 12. Nxe6 Bxe6 13. Bxb7 Rb8 14. Bg2 f6 15. e4 Nd4 16. Be3 g5 17. Bxd4 exd4 18. Ne2 c5 19. b4 axb4 20. axb4 Bh6 21. bxc5 dxc5 22. Qa4+ Kf7 23. Qa7+ Qe7 24. Qxb8 Rxb8 25. Rxb8 gxh4 26. gxh4 Bd2 27. Rfb1 Qd6 28. R1b6 Qe5 29. R8b7+ Kg6 30. Re7 1-0

[Event "Regionalliga NW 0910"]
[Site "Bayern"]
[Date "2010.01.24"]
[Round "5.4"]
[White "Herdin, Hans Ulrich"]
[Black "Krenz, Dieter"]
[Result "1/2-1/2"]
[WhiteElo "2032"]
[BlackElo "1866"]
[PlyCount "151"]
[EventDate "2009.10.18"]
[EventType "team-tourn"]
[EventRounds "9"]
[EventCountry "GER"]
[SourceTitle "EXT 2011"]
[Source "ChessBase"]
[SourceDate "2010.11.26"]
[SourceVersion "1"]
[SourceVersionDate "2010.11.26"]
[SourceQuality "1"]
[WhiteTeam "Kronach"]
[BlackTeam "Prichsenstadt"]
[WhiteTeamCountry "GER"]
[BlackTeamCountry "GER"]

1. e4 Nf6 2. Nc3 d5 3. e5 d4 4. exf6 dxc3 5. fxg7 cxd2+ 6. Qxd2 Qxd2+ 7. Bxd2 Bxg7 8. 0-0-0 Nc6 9. f4 Bg4 10. Re1 0-0-0 11. h3 Be6 12. Bd3 Bxa2 13. Nf3 Bd5 14. Rhf1 Rd7 15. Rf2 Nd4 16. Ne5 Rd6 17. Bb4 Re6 18. Bc5 f6 19. Bxd4 fxe5 20. Bf5 exd4 21. Bxe6+ Bxe6 22. Rxe6 Kd7 23. Rfe2 Bf6 24. g4 h6 25. Kd2 Rf8 26. Kd3 c5 27. Kc4 Rc8 28. Kd5 c4 29. Rxf6 exf6 30. Kxd4 b5 31. Kd5 c3 32. b3 a5 33. Re6 Ra8 34. Re1 a4 35. bxa4 Rxa4 36. f5 Ra2 37. Re2 Rb2 38. Kd4 b4 39. Kd3 Rb1 40. Re6 Rh1 41. Rxf6 Rxh3+ 42. Kc4 Rh4 43. Kb3 Rxg4 44. Rxh6 Rf4 45. Rf6 Ke7 46. Re6+ Kd7 47. Re5 Kd6 48. Ra5 Kc6 49. Ka4 Kb6 50. Re5 Kc6 51. Re6+ Kc5 52. f6 Rf1 53. Re5+ Kd4 54. Rb5 Rxf6 55. Kxb4 Rc6 56. Rb8 Rd6 57. Kb3 Rc6 58. Rd8+ Ke4 59. Rd3 Rc8 60. Kb4 Rc7 61. Rxc3 Rb7+ 62. Kc4 Rc7+ 63. Kb3 Rb7+ 64. Ka2 Kd4 65. Rb3 Ra7+ 66. Kb2 Kc4 67. c3 Rh7 68. Rb4+ Kc5 69. Rb8 Rh1 70. Rc8+ Kb5 71. Rg8 Kc4 72. Rg4+ Kc5 73. Rf4 Rg1 74. Rh4 Rf1 75. Rh8 Rg1 76. Rc8+ 1/2-1/2

[Event "Regionalliga NW 0910"]
[Site "Bayern"]
[Date "2009.10.18"]
[Round "1.4"]
[White "Herdin, Hans Ulrich"]
[Black "Hild, Detlef"]
[Result "1-0"]
[WhiteElo "2032"]
[BlackElo "1978"]
[PlyCount "69"]
[EventDate "2009.10.18"]
[EventType "team-tourn"]
[EventRounds "9"]
[EventCountry "GER"]
[SourceTitle "EXT 2011"]
[Source "ChessBase"]
[SourceDate "2010.11.26"]
[SourceVersion "1"]
[SourceVersionDate "2010.11.26"]
[SourceQuality "1"]
[WhiteTeam "Kronach"]
[BlackTeam "Nordhalben"]
[WhiteTeamCountry "GER"]
[BlackTeamCountry "GER"]

1. e4 e6 2. d4 d5 3. exd5 exd5 4. Bd3 Nc6 5. Ne2 Bg4 6. c3 Bd6 7. f3 Bh5 8. Bf4 Bxf4 9. Nxf4 Qh4+ 10. g3 Qe7+ 11. Kf2 Qg5 12. h4 Qh6 13. Qe2+ Nge7 14. Nxd5 Kd7 15. Nxe7 Nxe7 16. Be4 Qb6 17. Na3 f5 18. Nc4 Qf6 19. Ne5+ Kc8 20. Bc2 a5 21. Rae1 Re8 22. Ba4 c6 23. Nd3 Nd5 24. Qxe8+ Bxe8 25. Rxe8+ Kc7 26. Rxa8 Qh6 27. f4 Nf6 28. Ne5 Ne4+ 29. Kg2 c5 30. d5 Qb6 31. d6+ Nxd6 32. b3 Ne4 33. Rd1 Nf6 34. Rdd8 Qe6 35. Rac8+ 1-0

[Event "Regionalliga NW 0809"]
[Site "Bayern"]
[Date "2009.02.01"]
[Round "6.3"]
[White "Herdin, Hans Ulrich"]
[Black "Gehlert, Klaus"]
[Result "1-0"]
[WhiteElo "2050"]
[BlackElo "2069"]
[PlyCount "105"]
[EventDate "2008.10.05"]
[EventType "team-tourn"]
[EventRounds "9"]
[EventCountry "GER"]
[SourceTitle "EXT 2020"]
[Source "ChessBase"]
[SourceDate "2019.10.17"]
[SourceVersion "1"]
[SourceVersionDate "2019.10.17"]
[SourceQuality "1"]
[WhiteTeam "Kronach"]
[BlackTeam "Wuerzburg II"]
[WhiteTeamCountry "GER"]
[BlackTeamCountry "GER"]

1. e4 e6 2. d4 d5 3. exd5 exd5 4. Bd3 Nf6 5. Ne2 Bg4 6. 0-0 Bd6 7. Nbc3 c6 8. f3 Bh5 9. Re1 0-0 10. Bf4 Bg6 11. Qd2 Bxd3 12. Qxd3 Bxf4 13. Nxf4 Qd6 14. Qd2 Nbd7 15. Nce2 Rfe8 16. Nd3 Nf8 17. Ng3 N6d7 18. Qg5 Ne6 19. Qe3 g6 20. c3 f6 21. Qh6 Qf8 22. Qd2 Qd6 23. Re2 Re7 24. Rae1 Rae8 25. Kf2 Ng5 26. Rxe7 Rxe7 27. Rxe7 Qxe7 28. Qf4 Ne6 29. Qe3 Qd6 30. h4 Kg7 31. h5 Nb6 32. hxg6 hxg6 33. Nc5 Ng5 34. Nxb7 Qc7 35. Nc5 Nc4 36. Qe2 Kf7 37. b3 Nd6 38. Qe3 Qc8 39. Qd2 Nf5 40. Ne2 Qc7 41. Qf4 Qc8 42. Ng3 Nxg3 43. Kxg3 Qd8 44. Kf2 Qa5 45. Nd7 Qxc3 46. Qxf6+ Ke8 47. Nc5 Qc2+ 48. Kg3 Nf7 49. Qxc6+ Ke7 50. Qd7+ Kf6 51. Qc6+ Ke7 52. Qc7+ Ke8 53. Qd7+ 1-0